[Event "British Rapidplay Championship 2023"]
[Site "Mercure Bradford, Bankfield Hotel"]
[Date "2023.04.16"]
[Round "11.12"]
[White "Monterde, Angel"]
[Black "May, Paul"]
[Result "1-0"]
[TimeControl "All moves in 15 minutes plus 10 second increment per move from move 1"]
[WhiteElo "1646"]
[BlackElo "1860"]

1. f4 {[%clk 00:15:18]} {[%emt 00:00:01]} g6 {[%clk 00:14:45]} {[%emt
00:00:35]} 2. Nf3 {[%clk 00:15:26]} {[%emt 00:00:02]} d5 {[%clk 00:14:35]}
{[%emt 00:00:20]} 3. e3 {[%clk 00:15:30]} {[%emt 00:00:07]} Bg7 {[%clk
00:14:25]} {[%emt 00:00:20]} 4. Nc3 {[%clk 00:15:34]} {[%emt 00:00:06]} a6
{[%clk 00:14:16]} {[%emt 00:00:19]} 5. b3 {[%clk 00:14:06]} {[%emt 00:01:37]}
Nf6 {[%clk 00:13:32]} {[%emt 00:00:54]} 6. Be2 {[%clk 00:13:59]} {[%emt
00:00:17]} O-O {[%clk 00:13:17]} {[%emt 00:00:25]} 7. O-O {[%clk 00:13:54]}
{[%emt 00:00:16]} c5 {[%clk 00:12:48]} {[%emt 00:00:38]} 8. d4 {[%clk
00:12:08]} {[%emt 00:01:56]} cxd4 {[%clk 00:12:21]} {[%emt 00:00:37]} 9. exd4
{[%clk 00:12:03]} {[%emt 00:00:16]} Nc6 {[%clk 00:12:24]} {[%emt 00:00:07]} 10.
Ne5 {[%clk 00:11:42]} {[%emt 00:00:30]} Bf5 {[%clk 00:11:20]} {[%emt 00:01:14]}
11. a3 {[%clk 00:08:56]} {[%emt 00:02:57]} Rc8 {[%clk 00:10:49]} {[%emt
00:00:39]} 12. Bb2 {[%clk 00:08:47]} {[%emt 00:00:20]} Ne4 {[%clk 00:10:12]}
{[%emt 00:00:47]} 13. Nxe4 {[%clk 00:07:25]} {[%emt 00:01:32]} Bxe4 {[%clk
00:10:12]} {[%emt 00:00:10]} 14. Rc1 {[%clk 00:07:23]} {[%emt 00:00:12]} f6
{[%clk 00:10:05]} {[%emt 00:00:17]} 15. Nd3 {[%clk 00:06:50]} {[%emt 00:00:42]}
b6 {[%clk 00:08:42]} {[%emt 00:01:34]} 16. Bf3 {[%clk 00:06:17]} {[%emt
00:00:43]} f5 {[%clk 00:08:45]} {[%emt 00:00:08]} 17. Ne5 {[%clk 00:06:12]}
{[%emt 00:00:15]} Nxe5 {[%clk 00:08:47]} {[%emt 00:00:08]} 18. dxe5 {[%clk
00:05:54]} {[%emt 00:00:28]} e6 {[%clk 00:08:25]} {[%emt 00:00:31]} 19. Bd4
{[%clk 00:05:57]} {[%emt 00:00:07]} b5 {[%clk 00:08:20]} {[%emt 00:00:16]} 20.
Qd2 {[%clk 00:05:37]} {[%emt 00:00:30]} Bh6 {[%clk 00:08:18]} {[%emt 00:00:11]}
21. Be3 {[%clk 00:04:45]} {[%emt 00:01:02]} Qe7 {[%clk 00:08:02]} {[%emt
00:00:25]} 22. Qa5 {[%clk 00:04:19]} {[%emt 00:00:37]} Rc6 {[%clk 00:07:33]}
{[%emt 00:00:38]} 23. a4 {[%clk 00:03:01]} {[%emt 00:01:29]} bxa4 {[%clk
00:06:42]} {[%emt 00:01:02]} 24. Qxa4 {[%clk 00:03:01]} {[%emt 00:00:10]} Rfc8
{[%clk 00:06:48]} {[%emt 00:00:03]} 25. Bxe4 {[%clk 00:02:00]} {[%emt
00:01:12]} fxe4 {[%clk 00:06:54]} {[%emt 00:00:03]} 26. c4 {[%clk 00:01:52]}
{[%emt 00:00:18]} Qb7 {[%clk 00:05:28]} {[%emt 00:01:35]} 27. c5 {[%clk
00:01:53]} {[%emt 00:00:10]} Rb8 {[%clk 00:03:44]} {[%emt 00:01:54]} 28. Rb1
{[%clk 00:01:46]} {[%emt 00:00:17]} Bf8 {[%clk 00:02:22]} {[%emt 00:01:32]} 29.
b4 {[%clk 00:01:49]} {[%emt 00:00:06]} Be7 {[%clk 00:02:01]} {[%emt 00:00:31]}
30. Ra1 {[%emt 00:00:32]} Qc8 {[%clk 00:01:39]} {[%emt 00:00:08]} 31. Rfb1
{[%clk 00:01:41]} {[%emt 00:00:21]} Kf7 {[%clk 00:01:32]} {[%emt 00:00:16]} 32.
Qd1 {[%clk 00:01:31]} {[%emt 00:00:20]} Rb5 {[%clk 00:01:17]} {[%emt 00:00:24]}
33. Qg4 {[%clk 00:01:13]} {[%emt 00:00:30]} Qb7 {[%clk 00:01:16]} {[%emt
00:00:10]} 34. Bd2 {[%clk 00:01:21]} {[%emt 00:00:03]} Bxc5+ {[%clk 00:01:17]}
{[%emt 00:00:09]} 35. Kh1 {[%clk 00:01:07]} {[%emt 00:00:24]} Bxb4 {[%clk
00:01:15]} {[%emt 00:00:12]} 36. Bxb4 {[%clk 00:00:58]} {[%emt 00:00:19]} Rxb4
{[%clk 00:01:19]} {[%emt 00:00:05]} 37. Rxb4 {[%clk 00:01:05]} {[%emt
00:00:03]} Qxb4 {[%clk 00:01:27]} {[%emt 00:00:03]} 38. Qh4 {[%clk 00:01:13]}
{[%emt 00:00:01]} Kg8 {[%clk 00:00:43]} {[%emt 00:00:54]} 39. Qd8+ {[%clk
00:01:08]} {[%emt 00:00:16]} Qf8 {[%clk 00:00:47]} {[%emt 00:00:06]} 40. Qd7
{[%clk 00:01:16]} {[%emt 00:00:01]} Rb6 {[%clk 00:00:32]} {[%emt 00:00:24]} 41.
h4 {[%clk 00:01:06]} {[%emt 00:00:22]} Qb8 {[%clk 00:00:19]} {[%emt 00:00:22]}
42. Rc1 {[%clk 00:01:05]} {[%emt 00:00:11]} Rb1 {[%clk 00:00:13]} {[%emt
00:00:17]} 43. Qxe6+ {[%clk 00:01:14]} {[%emt 00:00:01]} Kg7 {[%clk 00:00:21]}
{[%emt 00:00:01]} 44. Qf6+ {[%clk 00:00:39]} {[%emt 00:00:46]} Kh6 {[%clk
00:00:24]} {[%emt 00:00:06]} 45. Qg5+ {[%clk 00:00:33]} {[%emt 00:00:16]} Kg7
{[%clk 00:00:32]} {[%emt 00:00:02]} 46. Qf6+ {[%clk 00:00:34]} {[%emt
00:00:09]} Kg8 {[%clk 00:00:24]} {[%emt 00:00:18]} 47. Rxb1 {[%clk 00:00:16]}
{[%emt 00:00:29]} Qxb1+ {[%clk 00:00:31]} {[%emt 00:00:02]} 48. Kh2 {[%clk
00:00:25]} {[%emt 00:00:02]} Qb7 {[%clk 00:00:33]} {[%emt 00:00:07]} 49. Qe6+
{[%clk 00:00:30]} {[%emt 00:00:05]} Qf7 {[%clk 00:00:25]} {[%emt 00:00:18]} 50.
Qc8+ {[%clk 00:00:29]} {[%emt 00:00:11]} Kg7 {[%clk 00:00:32]} {[%emt
00:00:04]} 51. Kg3 {[%clk 00:00:38]} {[%emt 00:00:01]} a5 {[%clk 00:00:21]}
{[%emt 00:00:21]} 52. Qa6 {[%clk 00:00:37]} {[%emt 00:00:11]} Qc7 {[%clk
00:00:14]} {[%emt 00:00:17]} 53. Qf6+ {[%clk 00:00:44]} {[%emt 00:00:02]} Qb7
{[%clk 00:00:13]} {[%emt 00:00:08]} 1-0

[Event "British Rapidplay Championship 2023"]
[Site "Mercure Bradford, Bankfield Hotel"]
[Date "2023.04.16"]
[Round "11.13"]
[White "Mokhber-Garcia, Sebastian"]
[Black "McLean, Rory R"]
[Result "1-0"]
[TimeControl "All moves in 15 minutes plus 10 second increment per move from move 1"]
[WhiteElo "1592"]
[BlackElo "1626"]

1. e4 {[%clk 00:15:19]} c5 {[%clk 00:15:18]} {[%emt 00:00:02]} 2. Nf3 {[%clk
00:15:27]} {[%emt 00:00:02]} d6 {[%clk 00:15:27]} 3. d4 {[%clk 00:15:36]}
{[%emt 00:00:02]} cxd4 {[%clk 00:15:35]} {[%emt 00:00:01]} 4. Nxd4 {[%clk
00:15:44]} {[%emt 00:00:02]} Nf6 {[%clk 00:15:43]} {[%emt 00:00:02]} 5. Nc3
{[%clk 00:15:53]} {[%emt 00:00:02]} g6 {[%clk 00:15:51]} {[%emt 00:00:01]} 6.
Be3 {[%clk 00:15:59]} {[%emt 00:00:04]} Bg7 {[%clk 00:15:59]} {[%emt 00:00:02]}
7. Bd3 {[%clk 00:16:07]} {[%emt 00:00:02]} O-O {[%clk 00:16:05]} {[%emt
00:00:05]} 8. O-O {[%clk 00:16:14]} {[%emt 00:00:03]} Nc6 {[%clk 00:16:11]}
{[%emt 00:00:04]} 9. Nb3 {[%clk 00:16:17]} {[%emt 00:00:07]} a6 {[%clk
00:16:13]} {[%emt 00:00:08]} 10. a4 {[%clk 00:16:25]} {[%emt 00:00:03]} b6
{[%clk 00:15:51]} {[%emt 00:00:31]} 11. f3 {[%clk 00:16:27]} {[%emt 00:00:08]}
Bb7 {[%clk 00:15:55]} {[%emt 00:00:06]} 12. Qd2 {[%clk 00:16:32]} {[%emt
00:00:05]} d5 {[%clk 00:15:43]} {[%emt 00:00:22]} 13. exd5 {[%clk 00:16:35]}
{[%emt 00:00:07]} Nxd5 {[%clk 00:15:50]} {[%emt 00:00:03]} 14. Bh6 {[%clk
00:16:29]} {[%emt 00:00:15]} Ndb4 {[%clk 00:14:48]} {[%emt 00:01:13]} 15. Bxg7
{[%clk 00:16:27]} {[%emt 00:00:12]} Kxg7 {[%clk 00:14:57]} {[%emt 00:00:02]} 16.
Rad1 {[%clk 00:16:21]} {[%emt 00:00:15]} Nxd3 {[%clk 00:15:02]} {[%emt
00:00:05]} 17. Qxd3 {[%clk 00:16:27]} {[%emt 00:00:03]} Qc8 {[%clk 00:14:44]}
{[%emt 00:00:29]} 18. Nd5 {[%clk 00:16:29]} {[%emt 00:00:09]} Qd8 {[%clk
00:11:03]} {[%emt 00:03:50]} 19. Qc3+ {[%clk 00:16:26]} {[%emt 00:00:13]} Kg8
{[%clk 00:11:00]} {[%emt 00:00:14]} 20. Nf6+ {[%clk 00:16:30]} {[%emt
00:00:05]} exf6 {[%clk 00:11:06]} {[%emt 00:00:03]} 21. Rxd8 {[%clk 00:16:37]}
{[%emt 00:00:04]} Raxd8 {[%clk 00:11:04]} {[%emt 00:00:12]} 22. Qxf6 {[%clk
00:16:43]} {[%emt 00:00:03]} Rfe8 {[%clk 00:10:54]} {[%emt 00:00:22]} 23. Qc3
{[%clk 00:16:42]} {[%emt 00:00:11]} Rc8 {[%clk 00:10:45]} {[%emt 00:00:18]} 24.
Re1 {[%clk 00:16:36]} {[%emt 00:00:16]} Red8 {[%clk 00:10:46]} {[%emt
00:00:09]} 25. Qe3 {[%clk 00:16:35]} {[%emt 00:00:11]} b5 {[%clk 00:10:18]}
{[%emt 00:00:39]} 26. Nc5 {[%clk 00:16:36]} {[%emt 00:00:08]} Ba8 {[%clk
00:10:01]} {[%emt 00:00:27]} 27. Nxa6 {[%clk 00:16:23]} {[%emt 00:00:23]} Nd4
{[%clk 00:10:04]} {[%emt 00:00:07]} 28. Qe5 {[%clk 00:15:53]} {[%emt 00:00:40]}
Rxc2 {[%clk 00:08:53]} {[%emt 00:01:22]} 29. Qf6 {[%clk 00:14:48]} {[%emt
00:01:14]} Rcc8 {[%clk 00:07:55]} {[%emt 00:01:08]} 30. Nc7 {[%clk 00:13:22]}
{[%emt 00:01:36]} Bb7 {[%clk 00:06:29]} {[%emt 00:01:36]} 31. Re7 {[%clk
00:12:25]} {[%emt 00:01:07]} Bd5 {[%clk 00:04:30]} {[%emt 00:02:10]} 32. Qxd4
{[%clk 00:10:54]} {[%emt 00:01:39]} Bc4 {[%clk 00:03:24]} {[%emt 00:01:17]} 33.
Rd7 {[%emt 00:01:01]} Rf8 {[%clk 00:03:01]} 34. axb5 {[%clk 00:10:23]} {[%emt
00:00:24]} Bb3 {[%clk 00:02:33]} {[%emt 00:00:38]} 35. b6 {[%clk 00:10:23]}
{[%emt 00:00:09]} Rb8 {[%clk 00:02:33]} {[%emt 00:00:09]} 36. b7 {[%clk
00:10:17]} {[%emt 00:00:17]} Rxb7 {[%clk 00:02:15]} {[%emt 00:00:28]} 37. Rd8
{[%clk 00:10:20]} {[%emt 00:00:07]} Rb8 {[%clk 00:01:52]} {[%emt 00:00:33]} 38.
Rxf8+ {[%clk 00:10:20]} {[%emt 00:00:10]} Rxf8 {[%clk 00:01:59]} {[%emt
00:00:02]} 39. Nd5 {[%clk 00:10:25]} {[%emt 00:00:06]} f5 {[%clk 00:01:50]}
{[%emt 00:00:19]} 40. Nf6+ {[%clk 00:10:24]} {[%emt 00:00:12]} Kf7 {[%clk
00:01:51]} {[%emt 00:00:09]} 41. Nxh7 {[%clk 00:10:30]} {[%emt 00:00:03]} Re8
{[%clk 00:01:32]} {[%emt 00:00:30]} 42. Qf6+ {[%clk 00:10:35]} {[%emt
00:00:04]} Kg8 {[%clk 00:01:38]} {[%emt 00:00:04]} 43. Qxg6+ {[%clk 00:10:42]}
{[%emt 00:00:02]} Kh8 {[%clk 00:01:41]} {[%emt 00:00:07]} 44. Nf6 {[%clk
00:10:11]} {[%emt 00:00:42]} Re1+ {[%clk 00:01:13]} {[%emt 00:00:38]} 45. Kf2
{[%clk 00:10:18]} {[%emt 00:00:03]} Re2+ {[%clk 00:01:09]} {[%emt 00:00:14]} 46.
Kxe2 {[%clk 00:10:16]} {[%emt 00:00:12]} Bc4+ {[%clk 00:01:17]} {[%emt
00:00:03]} 47. Kd2 {[%clk 00:10:24]} {[%emt 00:00:02]} f4 {[%clk 00:01:21]}
{[%emt 00:00:06]} 48. Qh6# {[%clk 00:10:16]} {[%emt 00:00:03]} 1-0

[Event "British Rapidplay Championship 2023"]
[Site "Mercure Bradford, Bankfield Hotel"]
[Date "2023.04.16"]
[Round "11.14"]
[White "Kryshtafor, Maksym"]
[Black "Winter, Kevin"]
[Result "1-0"]
[TimeControl "All moves in 15 minutes plus 10 second increment per move from move 1"]
[WhiteElo "1667"]
[BlackElo "1713"]

1. e4 {[%clk 00:15:19]} g6 {[%clk 00:15:10]} {[%emt 00:00:10]} 2. d4 {[%clk
00:15:27]} {[%emt 00:00:02]} d6 {[%clk 00:15:13]} {[%emt 00:00:07]} 3. Nc3
{[%clk 00:15:35]} {[%emt 00:00:03]} Bg7 {[%clk 00:15:21]} 4. Nf3 {[%clk
00:15:44]} {[%emt 00:00:02]} a6 {[%clk 00:15:23]} {[%emt 00:00:08]} 5. Bg5
{[%clk 00:15:51]} {[%emt 00:00:02]} Nd7 {[%clk 00:15:12]} {[%emt 00:00:21]} 6.
Bc4 {[%clk 00:15:58]} {[%emt 00:00:04]} b5 {[%clk 00:14:47]} {[%emt 00:00:36]}
7. Bd5 {[%clk 00:16:02]} {[%emt 00:00:05]} Rb8 {[%clk 00:14:51]} {[%emt
00:00:05]} 8. Qd3 {[%clk 00:16:01]} {[%emt 00:00:13]} Bb7 {[%clk 00:14:01]}
{[%emt 00:00:59]} 9. O-O-O {[%clk 00:16:04]} {[%emt 00:00:06]} h6 {[%clk
00:13:49]} {[%emt 00:00:22]} 10. Bh4 {[%clk 00:16:05]} {[%emt 00:00:10]} g5
{[%clk 00:13:38]} {[%emt 00:00:21]} 11. Bg3 {[%clk 00:16:08]} {[%emt 00:00:07]}
e6 {[%clk 00:13:11]} {[%emt 00:00:36]} 12. Bxb7 {[%clk 00:16:14]} {[%emt
00:00:05]} Rxb7 {[%clk 00:13:20]} {[%emt 00:00:01]} 13. h4 {[%clk 00:16:10]}
{[%emt 00:00:14]} g4 {[%clk 00:12:52]} {[%emt 00:00:37]} 14. Nh2 {[%clk
00:16:17]} {[%emt 00:00:03]} h5 {[%clk 00:12:56]} {[%emt 00:00:06]} 15. f3
{[%clk 00:16:21]} {[%emt 00:00:07]} Ngf6 {[%clk 00:11:18]} {[%emt 00:01:48]} 16.
d5 {[%clk 00:16:17]} {[%emt 00:00:14]} e5 {[%clk 00:11:05]} {[%emt 00:00:22]}
17. fxg4 {[%clk 00:16:21]} {[%emt 00:00:06]} hxg4 {[%clk 00:10:51]} {[%emt
00:00:24]} 18. Rhf1 {[%clk 00:16:14]} {[%emt 00:00:18]} Nc5 {[%clk 00:10:47]}
{[%emt 00:00:14]} 19. Qe2 {[%clk 00:16:19]} {[%emt 00:00:05]} b4 {[%clk
00:10:38]} {[%emt 00:00:18]} 20. Nb1 {[%clk 00:16:25]} {[%emt 00:00:05]} Ncxe4
{[%clk 00:10:20]} {[%emt 00:00:28]} 21. Qxa6 {[%clk 00:16:17]} {[%emt
00:00:18]} Nxg3 {[%clk 00:08:44]} {[%emt 00:01:46]} 22. Qxb7 {[%clk 00:16:17]}
{[%emt 00:00:10]} Bh6+ {[%emt 00:00:57]} 23. Nd2 {[%clk 00:16:20]} {[%emt
00:00:01]} Nxf1 {[%clk 00:07:58]} {[%emt 00:00:15]} 24. Rxf1 {[%clk 00:16:27]}
{[%emt 00:00:03]} Ne4 {[%clk 00:05:35]} {[%emt 00:02:33]} 25. Nxg4 {[%clk
00:15:33]} {[%emt 00:01:04]} Bxd2+ {[%clk 00:05:24]} {[%emt 00:00:21]} 26. Kb1
{[%clk 00:15:41]} {[%emt 00:00:02]} Bf4 {[%clk 00:05:16]} {[%emt 00:00:18]} 27.
Ka1 {[%clk 00:15:30]} {[%emt 00:00:22]} O-O {[%clk 00:03:28]} {[%emt 00:01:58]}
28. Qxb4 {[%clk 00:15:24]} {[%emt 00:00:15]} Ng3 {[%clk 00:03:11]} {[%emt
00:00:27]} 29. Rd1 {[%clk 00:14:38]} {[%emt 00:00:56]} Qxh4 {[%clk 00:02:55]}
{[%emt 00:00:26]} 30. Ne3 {[%clk 00:14:21]} {[%emt 00:00:27]} Qh5 {[%clk
00:02:20]} {[%emt 00:00:44]} 31. Qe1 {[%clk 00:14:03]} {[%emt 00:00:29]} Qe2
{[%clk 00:01:57]} {[%emt 00:00:33]} 32. Qxe2 {[%clk 00:13:33]} {[%emt
00:00:40]} Nxe2 {[%clk 00:02:06]} {[%emt 00:00:02]} 33. Nf5 {[%clk 00:13:29]}
{[%emt 00:00:13]} Nd4 {[%clk 00:02:07]} {[%emt 00:00:09]} 34. Nxd4 {[%clk
00:13:20]} {[%emt 00:00:19]} exd4 {[%clk 00:02:16]} {[%emt 00:00:01]} 35. Rxd4
{[%clk 00:13:22]} {[%emt 00:00:09]} Be5 {[%clk 00:02:20]} {[%emt 00:00:05]} 36.
Rc4 {[%clk 00:13:29]} {[%emt 00:00:03]} Rc8 {[%clk 00:02:18]} {[%emt 00:00:12]}
37. a4 {[%clk 00:13:35]} {[%emt 00:00:04]} Rb8 {[%clk 00:02:22]} {[%emt
00:00:06]} 38. c3 {[%clk 00:13:40]} {[%emt 00:00:04]} Ra8 {[%clk 00:02:22]}
{[%emt 00:00:11]} 39. b3 {[%clk 00:13:46]} {[%emt 00:00:04]} Ra7 {[%clk
00:02:28]} {[%emt 00:00:04]} 40. Kb2 {[%clk 00:13:54]} {[%emt 00:00:02]} Kf8
{[%clk 00:02:36]} {[%emt 00:00:02]} 41. Ka3 {[%clk 00:13:51]} {[%emt 00:00:13]}
Ke7 {[%clk 00:02:31]} {[%emt 00:00:15]} 42. b4 {[%clk 00:13:57]} {[%emt
00:00:05]} f5 {[%clk 00:02:26]} {[%emt 00:00:14]} 43. a5 {[%clk 00:13:56]}
{[%emt 00:00:11]} c5 {[%emt 00:00:43]} 44. Ka4 {[%clk 00:13:55]} cxb4 {[%clk
00:01:45]} {[%emt 00:00:29]} 45. cxb4 {[%clk 00:14:02]} {[%emt 00:00:02]} Bg3
{[%clk 00:01:35]} {[%emt 00:00:21]} 46. b5 {[%clk 00:14:00]} {[%emt 00:00:12]}
Be1 {[%clk 00:01:43]} {[%emt 00:00:02]} 47. a6 {[%clk 00:14:07]} {[%emt
00:00:03]} Bf2 {[%clk 00:01:42]} {[%emt 00:00:11]} 48. Ka5 {[%clk 00:14:01]}
{[%emt 00:00:16]} Bc5 {[%clk 00:01:02]} {[%emt 00:00:49]} 49. b6 {[%clk
00:13:59]} {[%emt 00:00:12]} Ra8 {[%clk 00:00:51]} {[%emt 00:00:21]} 50. Rxc5
{[%clk 00:13:50]} {[%emt 00:00:20]} dxc5 {[%clk 00:00:58]} {[%emt 00:00:03]} 51.
b7 {[%clk 00:13:57]} {[%emt 00:00:03]} Rb8 {[%clk 00:00:55]} {[%emt 00:00:13]}
52. a7 {[%clk 00:14:04]} {[%emt 00:00:03]} Rxb7 {[%clk 00:01:03]} {[%emt
00:00:01]} 53. a8=Q {[%clk 00:14:10]} {[%emt 00:00:04]} Rd7 {[%clk 00:01:08]}
{[%emt 00:00:06]} 54. Qc6 {[%clk 00:14:18]} {[%emt 00:00:03]} f4 {[%clk
00:00:55]} {[%emt 00:00:22]} 55. Qxc5+ {[%clk 00:14:23]} {[%emt 00:00:05]} Kf7
{[%clk 00:00:59]} {[%emt 00:00:06]} 56. Qd4 {[%clk 00:14:30]} {[%emt 00:00:02]}
Kg6 {[%clk 00:00:59]} {[%emt 00:00:10]} 57. Qxf4 {[%clk 00:14:36]} {[%emt
00:00:05]} Rxd5+ {[%clk 00:01:08]} {[%emt 00:00:01]} 58. Kb6 {[%clk 00:14:45]}
{[%emt 00:00:02]} Rf5 {[%clk 00:01:14]} {[%emt 00:00:03]} 59. Qe4 {[%clk
00:14:50]} {[%emt 00:00:05]} Kg5 {[%clk 00:01:23]} 60. Kc6 {[%clk 00:14:54]}
{[%emt 00:00:06]} Rf6+ {[%clk 00:01:31]} {[%emt 00:00:03]} 61. Kd5 {[%clk
00:14:59]} {[%emt 00:00:04]} Rf5+ {[%clk 00:01:39]} {[%emt 00:00:02]} 62. Ke6
{[%clk 00:15:08]} Rf4 {[%clk 00:01:47]} {[%emt 00:00:02]} 63. Qe5+ {[%clk
00:15:16]} {[%emt 00:00:02]} Kg4 {[%clk 00:01:54]} {[%emt 00:00:03]} 64. Qg7+
{[%clk 00:15:24]} {[%emt 00:00:01]} Kh4 {[%clk 00:01:40]} {[%emt 00:00:24]} 65.
g3+ {[%clk 00:15:33]} {[%emt 00:00:02]} 1-0

[Event "British Rapidplay Championship 2023"]
[Site "Mercure Bradford, Bankfield Hotel"]
[Date "2023.04.16"]
[Round "11.15"]
[White "Sasikumar, Srivathsan"]
[Black "Kairat, Alexander"]
[Result "0-1"]
[TimeControl "All moves in 15 minutes plus 10 second increment per move from move 1"]
[WhiteElo "1628"]
[BlackElo "1618"]

1. e4 {[%clk 00:15:18]} {[%emt 00:00:02]} c5 {[%clk 00:15:19]} {[%emt
00:00:01]} 2. a3 {[%clk 00:15:26]} {[%emt 00:00:02]} Nc6 {[%clk 00:15:27]}
{[%emt 00:00:02]} 3. b4 {[%clk 00:15:34]} {[%emt 00:00:02]} e5 {[%clk
00:15:36]} {[%emt 00:00:01]} 4. bxc5 {[%clk 00:15:36]} {[%emt 00:00:08]} Bxc5
{[%clk 00:15:44]} {[%emt 00:00:02]} 5. Nf3 {[%clk 00:15:43]} {[%emt 00:00:03]}
Nf6 {[%clk 00:15:50]} {[%emt 00:00:05]} 6. Bc4 {[%clk 00:15:21]} {[%emt
00:00:32]} O-O {[%clk 00:15:43]} {[%emt 00:00:16]} 7. d3 {[%clk 00:15:24]}
{[%emt 00:00:06]} Qb6 {[%clk 00:15:41]} {[%emt 00:00:13]} 8. O-O {[%clk
00:15:27]} {[%emt 00:00:06]} d6 {[%clk 00:15:13]} {[%emt 00:00:39]} 9. Nc3
{[%clk 00:15:28]} {[%emt 00:00:09]} Bg4 {[%clk 00:14:47]} {[%emt 00:00:36]} 10.
h3 {[%clk 00:15:20]} {[%emt 00:00:18]} Bxf3 {[%clk 00:14:49]} {[%emt 00:00:08]}
11. Qxf3 {[%clk 00:15:23]} {[%emt 00:00:06]} Nd4 {[%clk 00:14:58]} {[%emt
00:00:02]} 12. Qd1 {[%clk 00:15:28]} {[%emt 00:00:03]} Qc6 {[%clk 00:14:26]}
{[%emt 00:00:44]} 13. Nd5 {[%clk 00:15:16]} {[%emt 00:00:19]} Nxd5 {[%clk
00:14:11]} {[%emt 00:00:29]} 14. Bxd5 {[%clk 00:15:21]} {[%emt 00:00:04]} Qc7
{[%clk 00:14:18]} {[%emt 00:00:02]} 15. c3 {[%clk 00:15:19]} {[%emt 00:00:13]}
Nc6 {[%clk 00:14:18]} {[%emt 00:00:10]} 16. Bb2 {[%clk 00:15:21]} {[%emt
00:00:08]} Ne7 {[%clk 00:14:23]} {[%emt 00:00:06]} 17. Ba2 {[%clk 00:15:11]}
{[%emt 00:00:18]} Ng6 {[%clk 00:14:15]} {[%emt 00:00:18]} 18. d4 {[%clk
00:15:13]} {[%emt 00:00:08]} Bb6 {[%clk 00:14:24]} {[%emt 00:00:02]} 19. Rc1
{[%clk 00:14:33]} {[%emt 00:00:50]} Qe7 {[%clk 00:14:17]} {[%emt 00:00:18]} 20.
Re1 {[%clk 00:14:21]} {[%emt 00:00:21]} Nf4 {[%clk 00:14:23]} {[%emt 00:00:04]}
21. Kh2 {[%clk 00:14:17]} {[%emt 00:00:12]} Qg5 {[%clk 00:14:22]} {[%emt
00:00:13]} 22. g3 {[%clk 00:14:14]} {[%emt 00:00:14]} Ng6 {[%clk 00:14:18]}
{[%emt 00:00:13]} 23. Qd3 {[%clk 00:13:30]} {[%emt 00:00:52]} Rac8 {[%clk
00:14:05]} {[%emt 00:00:25]} 24. Rg1 {[%clk 00:11:18]} {[%emt 00:02:22]} Rc7
{[%clk 00:12:09]} {[%emt 00:02:06]} 25. Rcf1 {[%clk 00:07:50]} {[%emt
00:03:37]} Rfc8 {[%clk 00:11:40]} {[%emt 00:00:40]} 26. f4 {[%clk 00:06:55]}
{[%emt 00:01:06]} Qd8 {[%clk 00:11:36]} {[%emt 00:00:14]} 27. fxe5 {[%clk
00:05:29]} {[%emt 00:01:35]} dxe5 {[%clk 00:11:37]} {[%emt 00:00:08]} 28. Qf3
{[%clk 00:05:00]} {[%emt 00:00:37]} Nh8 {[%clk 00:11:08]} {[%emt 00:00:41]} 29.
d5 {[%clk 00:02:58]} {[%emt 00:02:13]} Bxg1+ {[%clk 00:11:13]} {[%emt
00:00:05]} 30. Kxg1 {[%clk 00:02:57]} {[%emt 00:00:11]} Qd6 {[%clk 00:10:55]}
{[%emt 00:00:28]} 31. c4 {[%clk 00:02:38]} {[%emt 00:00:28]} Qb6+ {[%clk
00:10:44]} {[%emt 00:00:22]} 32. Rf2 {[%clk 00:02:42]} {[%emt 00:00:06]} Qd6
{[%clk 00:10:35]} {[%emt 00:00:19]} 33. a4 {[%clk 00:02:30]} {[%emt 00:00:22]}
Qf6 {[%clk 00:09:34]} {[%emt 00:01:12]} 34. Qh5 {[%clk 00:01:21]} {[%emt
00:01:12]} Qe7 {[%clk 00:08:39]} {[%emt 00:01:11]} 35. Bxe5 {[%clk 00:00:47]}
{[%emt 00:00:43]} g6 {[%clk 00:08:20]} {[%emt 00:00:30]} 36. d6 {[%clk
00:00:26]} {[%emt 00:00:31]} gxh5 {[%clk 00:08:24]} {[%emt 00:00:06]} 37. dxe7
{[%clk 00:00:32]} {[%emt 00:00:04]} Rxe7 {[%clk 00:08:30]} {[%emt 00:00:04]} 38.
Rf5 {[%clk 00:00:24]} {[%emt 00:00:18]} Ng6 {[%clk 00:08:33]} {[%emt 00:00:08]}
39. Bd6 {[%clk 00:00:32]} {[%emt 00:00:02]} Rd7 {[%clk 00:08:14]} {[%emt
00:00:29]} 40. c5 {[%clk 00:00:39]} {[%emt 00:00:02]} b6 {[%clk 00:08:10]}
{[%emt 00:00:14]} 41. e5 {[%emt 00:00:22]} bxc5 {[%clk 00:08:04]} {[%emt
00:00:15]} 42. Rxh5 {[%clk 00:00:25]} {[%emt 00:00:13]} c4 {[%clk 00:07:43]}
{[%emt 00:00:31]} 43. Ba3 {[%clk 00:00:24]} {[%emt 00:00:10]} Rd1+ {[%clk
00:07:45]} {[%emt 00:00:09]} 44. Kf2 {[%clk 00:00:25]} {[%emt 00:00:08]} Rd2+
{[%clk 00:07:53]} {[%emt 00:00:07]} 0-1